[Event "9th Vellmar Chess Days"]
[Site "chess24.com"]
[Date "2017.07.16"]
[Round "6"]
[White "Kroder, Johannes"]
[Black "Lopez-Rojas, Jeffrey"]
[Result "1-0"]
[Board "9"]
[WhiteElo "2075"]
[WhiteCountry "GER"]
[WhiteFideId "24692930"]
[WhiteEloChange "13"]
[BlackElo "2173"]
[BlackCountry "GER"]
[BlackFideId "12997277"]
[BlackEloChange "-13"]

1. e4 {[%clk 1:31:28]} c5 {[%clk 1:31:05]} 2. Nf3 {[%clk 1:31:27]} a6 {[%clk
1:31:29]} 3. Nc3 {[%clk 1:31:47]} Nc6 {[%clk 1:28:04]} 4. d4 {[%clk 1:32:05]}
cxd4 {[%clk 1:28:28]} 5. Nxd4 {[%clk 1:32:35]} e6 {[%clk 1:27:47]} 6. Be3 {[%clk
1:32:56]} Qc7 {[%clk 1:27:22]} 7. Bd3 {[%clk 1:33:15]} Nf6 {[%clk 1:27:28]} 8.
O-O {[%clk 1:33:35]} Bb4 {[%clk 1:21:03]} 9. Kh1 {[%clk 1:09:54]} Bxc3 {[%clk
1:10:47]} 10. bxc3 {[%clk 1:10:23]} Ne5 {[%clk 0:55:08]} 11. f4 {[%clk 1:09:52]}
Nxd3 {[%clk 0:55:19]} 12. cxd3 {[%clk 1:10:20]} Qxc3 {[%clk 0:55:16]} 13. Rc1
{[%clk 1:05:38]} Qa3 {[%clk 0:50:21]} 14. Nb3 {[%clk 1:00:04]} d6 {[%clk
0:48:44]} 15. Rf2 {[%clk 0:56:35]} Bd7 {[%clk 0:44:37]} 16. Rc4 {[%clk 0:49:54]}
Ba4 {[%clk 0:38:28]} 17. Bc1 {[%clk 0:49:39]} Bxb3 {[%clk 0:38:38]} 18. Qe1
{[%clk 0:49:01]} Bxc4 {[%clk 0:17:39]} 19. Bxa3 {[%clk 0:49:21]} Bxd3 {[%clk
0:17:08]} 20. e5 {[%clk 0:47:27]} Nd5 {[%clk 0:13:30]} 21. Bxd6 {[%clk 0:46:45]}
Rc8 {[%clk 0:13:14]} 22. h3 {[%clk 0:42:56]} Rc4 {[%clk 0:11:24]} 23. Qd1 {[%clk
0:40:11]} Be4 {[%clk 0:10:56]} 24. Kh2 {[%clk 0:33:27]} b5 {[%clk 0:08:40]} 25.
Qd2 {[%clk 0:30:44]} g6 {[%clk 0:07:58]} 26. f5 {[%clk 0:29:28]} h5 {[%clk
0:03:07]} 27. fxe6 {[%clk 0:28:54]} fxe6 {[%clk 0:03:35]} 28. Qg5 {[%clk
0:26:45]} Bf5 {[%clk 0:03:33]} 29. Rxf5 {[%clk 0:24:25]} exf5 {[%clk 0:03:44]}
30. Qxg6+ {[%clk 0:24:45]} Kd8 {[%clk 0:04:05]} 31. Qf7 {[%clk 0:23:44]} Rd4
{[%clk 0:03:08]} 32. e6 {[%clk 0:23:36]} Re8 {[%clk 0:02:12]} 33. Qd7# {[%clk
0:23:36]} 1-0

[Event "9th Vellmar Chess Days"]
[Site "chess24.com"]
[Date "2017.07.16"]
[Round "6"]
[White "Everett, Elijah"]
[Black "Koenig, Marco, Dr."]
[Result "1-0"]
[Board "10"]
[WhiteElo "2167"]
[WhiteCountry "GER"]
[WhiteFideId "12973696"]
[WhiteEloChange "7"]
[BlackElo "2068"]
[BlackCountry "GER"]
[BlackFideId "24643076"]
[BlackEloChange "-7"]

1. e4 {[%clk 1:30:56]} c5 {[%clk 1:30:50]} 2. Nf3 {[%clk 1:31:18]} e6 {[%clk
1:30:45]} 3. d4 {[%clk 1:31:42]} cxd4 {[%clk 1:31:12]} 4. Nxd4 {[%clk 1:32:06]}
Nc6 {[%clk 1:31:32]} 5. Nc3 {[%clk 1:32:25]} Qc7 {[%clk 1:31:36]} 6. g3 {[%clk
1:32:20]} Nf6 {[%clk 1:30:34]} 7. Bg2 {[%clk 1:31:21]} a6 {[%clk 1:30:45]} 8. O-O
{[%clk 1:29:23]} Be7 {[%clk 1:30:20]} 9. Re1 {[%clk 1:27:25]} d6 {[%clk 1:24:59]}
10. Nxc6 {[%clk 1:24:38]} bxc6 {[%clk 1:24:34]} 11. e5 {[%clk 1:24:52]} dxe5
{[%clk 1:22:37]} 12. Rxe5 {[%clk 1:23:27]} Nd5 {[%clk 1:15:52]} 13. Qe1 {[%clk
1:15:59]} O-O {[%clk 1:08:52]} 14. Re2 {[%clk 1:05:43]} a5 {[%clk 0:58:10]} 15.
Nxd5 {[%clk 0:49:18]} cxd5 {[%clk 0:58:26]} 16. Bf4 {[%clk 0:49:06]} Bd6 {[%clk
0:49:03]} 17. Bxd6 {[%clk 0:48:55]} Qxd6 {[%clk 0:48:41]} 18. c4 {[%clk 0:49:20]}
Ba6 {[%clk 0:42:16]} 19. b3 {[%clk 0:47:09]} Rad8 {[%clk 0:40:07]} 20. Rd2 {[%clk
0:45:18]} d4 {[%clk 0:35:59]} 21. Rad1 {[%clk 0:40:42]} a4 {[%clk 0:30:02]} 22.
Rxd4 {[%clk 0:35:53]} Qxd4 {[%clk 0:30:20]} 23. Rxd4 {[%clk 0:36:17]} Rxd4 {[%clk
0:30:47]} 24. Bc6 {[%clk 0:36:11]} Rc8 {[%clk 0:22:46]} 25. Be4 {[%clk 0:29:30]}
axb3 {[%clk 0:20:59]} 26. axb3 {[%clk 0:29:53]} Rcd8 {[%clk 0:20:58]} 27. Qa5
{[%clk 0:28:01]} Bc8 {[%clk 0:18:24]} 28. Kg2 {[%clk 0:26:41]} f5 {[%clk
0:15:27]} 29. Bf3 {[%clk 0:22:57]} g5 {[%clk 0:14:05]} 30. h3 {[%clk 0:21:20]}
Kf7 {[%clk 0:13:13]} 31. Qe5 {[%clk 0:20:46]} Rd3 {[%clk 0:09:00]} 32. b4 {[%clk
0:20:46]} Kg6 {[%clk 0:09:00]} 33. c5 {[%clk 0:16:04]} h5 {[%clk 0:06:17]} 34. g4
{[%clk 0:15:50]} hxg4 {[%clk 0:05:09]} 35. hxg4 {[%clk 0:15:20]} Rb3 {[%clk
0:04:12]} 36. Qc7 {[%clk 0:13:37]} Rh8 {[%clk 0:04:09]} 37. gxf5+ {[%clk
0:09:51]} exf5 {[%clk 0:04:21]} 38. Bd5 {[%clk 0:09:23]} Rxb4 {[%clk 0:02:19]}
39. Qf7+ {[%clk 0:09:43]} Kh6 {[%clk 0:02:36]} 40. Qf6+ {[%clk 0:10:00]} Kh7
{[%clk 0:02:16]} 41. Bf7 {[%clk 0:08:50]} Bb7+ {[%clk 0:26:47]} 42. c6 {[%clk
0:38:39]} Bxc6+ {[%clk 0:27:03]} 43. Qxc6 {[%clk 0:39:01]} Rg4+ {[%clk 0:26:07]}
44. Kf1 {[%clk 0:39:06]} Kg7 {[%clk 0:25:36]} 45. Qg6+ {[%clk 0:39:30]} Kf8
{[%clk 0:26:00]} 46. Qf6 {[%clk 0:39:57]} 1-0

[Event "9th Vellmar Chess Days"]
[Site "chess24.com"]
[Date "2017.07.16"]
[Round "6"]
[White "Held, Carsten, Dr."]
[Black "Viebahn, Dirk"]
[Result "1-0"]
[Board "11"]
[WhiteElo "2049"]
[WhiteCountry "GER"]
[WhiteFideId "1271741"]
[WhiteEloChange "13"]
[BlackElo "2164"]
[BlackCountry "GER"]
[BlackFideId "4660790"]
[BlackEloChange "-13"]

1. Nf3 {[%clk 1:30:57]} Nf6 {[%clk 1:30:40]} 2. c4 {[%clk 1:31:21]} g6 {[%clk
1:31:03]} 3. g3 {[%clk 1:31:46]} Bg7 {[%clk 1:31:21]} 4. Bg2 {[%clk 1:32:09]} O-O
{[%clk 1:30:59]} 5. O-O {[%clk 1:32:32]} c6 {[%clk 1:30:47]} 6. d4 {[%clk
1:31:26]} d5 {[%clk 1:31:09]} 7. b3 {[%clk 1:31:20]} dxc4 {[%clk 1:27:08]} 8.
bxc4 {[%clk 1:31:41]} c5 {[%clk 1:26:40]} 9. e3 {[%clk 1:21:40]} Nc6 {[%clk
1:23:49]} 10. Bb2 {[%clk 1:19:23]} Ne4 {[%clk 1:17:35]} 11. Nbd2 {[%clk 1:15:44]}
Nd6 {[%clk 1:03:11]} 12. Qc2 {[%clk 0:58:51]} cxd4 {[%clk 0:58:28]} 13. Nxd4
{[%clk 0:57:39]} Ne5 {[%clk 0:53:18]} 14. c5 {[%clk 0:46:26]} Nf5 {[%clk
0:52:09]} 15. N2b3 {[%clk 0:46:27]} Nxd4 {[%clk 0:48:16]} 16. Nxd4 {[%clk
0:43:37]} Rb8 {[%clk 0:46:00]} 17. Rfc1 {[%clk 0:38:49]} Bd7 {[%clk 0:44:23]} 18.
a4 {[%clk 0:26:01]} a6 {[%clk 0:42:33]} 19. Ra2 {[%clk 0:22:13]} Qa5 {[%clk
0:35:12]} 20. Nb3 {[%clk 0:16:33]} Qb4 {[%clk 0:32:23]} 21. Bc3 {[%clk 0:16:24]}
Qg4 {[%clk 0:31:43]} 22. Nd4 {[%clk 0:15:46]} Rfc8 {[%clk 0:28:57]} 23. Rb2
{[%clk 0:10:09]} Rxc5 {[%clk 0:27:09]} 24. Rxb7 {[%clk 0:09:01]} Rbc8 {[%clk
0:26:20]} 25. Qd2 {[%clk 0:08:05]} Nc4 {[%clk 0:15:59]} 26. Qe1 {[%clk 0:06:45]}
Nd6 {[%clk 0:15:48]} 27. h3 {[%clk 0:07:05]} Qh5 {[%clk 0:08:25]} 28. Rxd7 {[%clk
0:07:27]} Rc4 {[%clk 0:06:08]} 29. Bd2 {[%clk 0:06:55]} Qc5 {[%clk 0:05:32]} 30.
Rxc4 {[%clk 0:07:18]} Nxc4 {[%clk 0:05:49]} 31. Bb4 {[%clk 0:07:04]} Qb6 {[%clk
0:05:50]} 32. Rb7 {[%clk 0:07:18]} Qd8 {[%clk 0:05:27]} 33. Bxe7 {[%clk 0:07:19]}
Qe8 {[%clk 0:05:56]} 34. Bc6 {[%clk 0:06:14]} 1-0

[Event "9th Vellmar Chess Days"]
[Site "chess24.com"]
[Date "2017.07.16"]
[Round "6"]
[White "Humburg, Philipp"]
[Black "Pauls, Wilhelm"]
[Result "1/2-1/2"]
[Board "12"]
[WhiteElo "2229"]
[WhiteCountry "GER"]
[WhiteFideId "24656151"]
[WhiteEloChange "-6"]
[BlackElo "1988"]
[BlackCountry "GER"]
[BlackFideId "12990752"]
[BlackEloChange "6"]

1. e4 {[%clk 1:30:09]} c5 {[%clk 1:30:53]} 2. Nf3 {[%clk 1:30:33]} Nc6 {[%clk
1:27:41]} 3. d4 {[%clk 1:30:53]} cxd4 {[%clk 1:28:02]} 4. Nxd4 {[%clk 1:31:22]}
e5 {[%clk 1:28:23]} 5. Nb5 {[%clk 1:31:48]} a6 {[%clk 1:28:50]} 6. Nd6+ {[%clk
1:32:09]} Bxd6 {[%clk 1:29:15]} 7. Qxd6 {[%clk 1:32:32]} Qf6 {[%clk 1:29:42]} 8.
Qxf6 {[%clk 1:32:04]} Nxf6 {[%clk 1:28:48]} 9. Nc3 {[%clk 1:30:53]} d5 {[%clk
1:28:04]} 10. exd5 {[%clk 1:28:59]} Nb4 {[%clk 1:28:21]} 11. Bd3 {[%clk 1:29:21]}
Nxd3+ {[%clk 1:28:38]} 12. cxd3 {[%clk 1:29:45]} Bf5 {[%clk 1:24:41]} 13. Bg5
{[%clk 1:27:14]} Bxd3 {[%clk 1:16:29]} 14. O-O-O {[%clk 1:27:36]} Bg6 {[%clk
1:15:15]} 15. Rhe1 {[%clk 1:27:47]} Nd7 {[%clk 1:09:30]} 16. d6 {[%clk 1:24:07]}
f6 {[%clk 1:08:56]} 17. Be3 {[%clk 1:23:58]} Rc8 {[%clk 1:08:07]} 18. f4 {[%clk
1:23:51]} b5 {[%clk 1:08:25]} 19. fxe5 {[%clk 1:22:02]} fxe5 {[%clk 1:08:08]} 20.
a3 {[%clk 1:21:24]} a5 {[%clk 1:08:22]} 21. Bd4 {[%clk 1:21:25]} b4 {[%clk
1:08:20]} 22. Bxe5 {[%clk 1:20:08]} O-O {[%clk 1:08:31]} 23. axb4 {[%clk
1:20:15]} axb4 {[%clk 1:08:41]} 24. Bd4 {[%clk 1:20:27]} bxc3 {[%clk 1:03:39]}
25. bxc3 {[%clk 1:20:56]} Rfe8 {[%clk 1:00:56]} 26. Kd2 {[%clk 1:20:18]} Nc5
{[%clk 0:42:33]} 27. Rxe8+ {[%clk 1:20:42]} Bxe8 {[%clk 0:42:54]} 28. Ke3 {[%clk
1:17:54]} Bd7 {[%clk 0:41:45]} 29. Be5 {[%clk 1:11:54]} Kf7 {[%clk 0:30:56]} 30.
Rf1+ {[%clk 1:11:36]} Ke6 {[%clk 0:29:32]} 31. Bxg7 {[%clk 1:11:59]} Kxd6 {[%clk
0:29:54]} 32. Rf8 {[%clk 1:08:41]} Kd5 {[%clk 0:24:42]} 33. Rxc8 {[%clk 1:07:50]}
Bxc8 {[%clk 0:25:03]} 34. h3 {[%clk 1:07:35]} Bf5 {[%clk 0:14:23]} 35. g4 {[%clk
1:03:57]} Bc2 {[%clk 0:14:12]} 36. Bd4 {[%clk 1:02:53]} Ne6 {[%clk 0:14:27]} 37.
Bf6 {[%clk 1:03:17]} Nf8 {[%clk 0:09:47]} 38. Kf4 {[%clk 1:01:02]} Ne6+ {[%clk
0:09:28]} 39. Ke3 {[%clk 1:00:32]} Nf8 {[%clk 0:09:36]} 40. Kf4 {[%clk 1:00:57]}
1/2-1/2

[Event "9th Vellmar Chess Days"]
[Site "chess24.com"]
[Date "2017.07.16"]
[Round "6"]
[White "Wiewesiek, Timo"]
[Black "Boehm, Thomas"]
[Result "1/2-1/2"]
[Board "13"]
[WhiteElo "1993"]
[WhiteCountry "GER"]
[WhiteFideId "12920193"]
[WhiteEloChange "4"]
[BlackElo "2154"]
[BlackCountry "GER"]
[BlackFideId "4682807"]
[BlackEloChange "-4"]

1. d4 {[%clk 1:30:58]} d5 {[%clk 1:30:17]} 2. Bf4 {[%clk 1:30:58]} Nf6 {[%clk
1:30:20]} 3. e3 {[%clk 1:30:10]} e6 {[%clk 1:27:56]} 4. Bd3 {[%clk 1:30:08]} Bd6
{[%clk 1:27:58]} 5. Bxd6 {[%clk 1:29:26]} cxd6 {[%clk 1:27:06]} 6. c3 {[%clk
1:26:53]} O-O {[%clk 1:25:46]} 7. Ne2 {[%clk 1:25:41]} Nc6 {[%clk 1:20:48]} 8.
O-O {[%clk 1:24:44]} Bd7 {[%clk 1:18:04]} 9. Nd2 {[%clk 1:22:47]} e5 {[%clk
1:11:42]} 10. e4 {[%clk 1:11:30]} exd4 {[%clk 0:50:50]} 11. Nxd4 {[%clk 1:10:21]}
Nxd4 {[%clk 0:47:41]} 12. cxd4 {[%clk 1:10:41]} Re8 {[%clk 0:40:13]} 13. exd5
{[%clk 1:08:59]} Qa5 {[%clk 0:34:11]} 14. Nb3 {[%clk 0:58:31]} Qxd5 {[%clk
0:33:28]} 15. Be2 {[%clk 0:58:12]} Be6 {[%clk 0:26:26]} 16. Qd3 {[%clk 0:49:22]}
Bf5 {[%clk 0:24:08]} 17. Qb5 {[%clk 0:48:23]} Qxb5 {[%clk 0:20:17]} 18. Bxb5
{[%clk 0:48:35]} Rec8 {[%clk 0:20:40]} 19. Rac1 {[%clk 0:47:16]} Be6 {[%clk
0:20:11]} 20. Be2 {[%clk 0:44:56]} Bd5 {[%clk 0:20:07]} 21. Bd3 {[%clk 0:44:45]}
g6 {[%clk 0:19:41]} 22. Rxc8+ {[%clk 0:35:29]} Rxc8 {[%clk 0:20:01]} 23. Rc1
{[%clk 0:35:31]} Rxc1+ {[%clk 0:17:57]} 24. Nxc1 {[%clk 0:35:36]} Kf8 {[%clk
0:18:18]} 25. a3 {[%clk 0:35:07]} Ke7 {[%clk 0:18:19]} 26. Ne2 {[%clk 0:33:39]}
Nh5 {[%clk 0:17:09]} 27. f3 {[%clk 0:30:35]} Kf6 {[%clk 0:15:38]} 28. Kf2 {[%clk
0:30:26]} h6 {[%clk 0:14:14]} 29. Ke3 {[%clk 0:29:12]} g5 {[%clk 0:13:40]} 30. g3
{[%clk 0:24:54]} Ng7 {[%clk 0:13:42]} 31. Nc3 {[%clk 0:21:50]} Bc6 {[%clk
0:13:40]} 32. Be4 {[%clk 0:19:36]} Nf5+ {[%clk 0:10:19]} 33. Bxf5 {[%clk
0:16:50]} Kxf5 {[%clk 0:10:43]} 34. d5 {[%clk 0:16:20]} Bd7 {[%clk 0:09:30]} 35.
Kd4 {[%clk 0:15:59]} Kf6 {[%clk 0:08:22]} 36. Ne4+ {[%clk 0:14:03]} Ke7 {[%clk
0:08:45]} 37. Nd2 {[%clk 0:12:49]} Bb5 {[%clk 0:06:29]} 38. f4 {[%clk 0:10:42]}
gxf4 {[%clk 0:04:17]} 39. gxf4 {[%clk 0:11:08]} Bd7 {[%clk 0:02:39]} 40. Ke4
{[%clk 0:07:38]} Bh3 {[%clk 0:01:41]} 1/2-1/2

[Event "9th Vellmar Chess Days"]
[Site "chess24.com"]
[Date "2017.07.16"]
[Round "6"]
[White "Loehnhardt, Benjamin"]
[Black "Heinelt, Manfred"]
[Result "1/2-1/2"]
[Board "14"]
[WhiteElo "2009"]
[WhiteCountry "GER"]
[WhiteFideId "4646428"]
[WhiteEloChange "4"]
[BlackElo "2153"]
[BlackCountry "GER"]
[BlackFideId "4656695"]
[BlackEloChange "-4"]

1. d4 {[%clk 1:30:50]} Nf6 {[%clk 1:30:46]} 2. Nf3 {[%clk 1:30:05]} e6 {[%clk
1:30:45]} 3. c4 {[%clk 1:28:12]} c5 {[%clk 1:31:05]} 4. d5 {[%clk 1:28:29]} exd5
{[%clk 1:31:28]} 5. cxd5 {[%clk 1:28:54]} d6 {[%clk 1:31:51]} 6. Nc3 {[%clk
1:29:16]} g6 {[%clk 1:32:11]} 7. g3 {[%clk 1:29:43]} Bg7 {[%clk 1:32:36]} 8. Bg2
{[%clk 1:30:11]} O-O {[%clk 1:32:53]} 9. O-O {[%clk 1:29:59]} a6 {[%clk 1:33:00]}
10. a4 {[%clk 1:30:13]} Nbd7 {[%clk 1:28:35]} 11. Nd2 {[%clk 1:25:35]} Rb8 {[%clk
1:22:18]} 12. Nc4 {[%clk 1:24:38]} Ne8 {[%clk 1:17:53]} 13. Bf4 {[%clk 1:22:41]}
Nb6 {[%clk 1:17:59]} 14. Nd2 {[%clk 1:19:38]} Nd7 {[%clk 1:07:05]} 15. Nc4 {[%clk
1:13:18]} Nb6 {[%clk 1:05:39]} 16. Qb3 {[%clk 1:08:58]} Nxc4 {[%clk 1:05:35]} 17.
Qxc4 {[%clk 1:09:26]} Nf6 {[%clk 1:03:58]} 18. e4 {[%clk 1:08:52]} Nh5 {[%clk
1:03:28]} 19. Be3 {[%clk 1:06:23]} b5 {[%clk 0:57:42]} 20. axb5 {[%clk 1:04:54]}
axb5 {[%clk 0:58:06]} 21. Nxb5 {[%clk 1:04:06]} Bxb2 {[%clk 0:58:25]} 22. Rab1
{[%clk 1:04:11]} Bg7 {[%clk 0:58:32]} 23. Na7 {[%clk 0:55:57]} Qc7 {[%clk
0:51:04]} 24. Rxb8 {[%clk 0:51:05]} Qxb8 {[%clk 0:50:01]} 25. Nxc8 {[%clk
0:51:29]} Rxc8 {[%clk 0:50:18]} 26. f4 {[%clk 0:49:32]} Nf6 {[%clk 0:34:46]} 27.
Bf3 {[%clk 0:38:08]} Re8 {[%clk 0:32:08]} 28. e5 {[%clk 0:21:59]} dxe5 {[%clk
0:29:38]} 29. Qxc5 {[%clk 0:19:16]} e4 {[%clk 0:28:58]} 30. Be2 {[%clk 0:19:27]}
Rd8 {[%clk 0:28:40]} 31. Rd1 {[%clk 0:19:41]} Qb3 {[%clk 0:26:36]} 32. d6 {[%clk
0:18:12]} Bf8 {[%clk 0:25:27]} 33. Bd4 {[%clk 0:08:20]} Rxd6 {[%clk 0:22:39]} 34.
Rc1 {[%clk 0:06:05]} Qa4 {[%clk 0:20:14]} 35. Rc4 {[%clk 0:05:27]} Qa2 {[%clk
0:18:48]} 36. Rc2 {[%clk 0:05:20]} Rxd4 {[%clk 0:15:29]} 37. Qxf8+ {[%clk
0:04:27]} Kxf8 {[%clk 0:15:50]} 38. Rxa2 {[%clk 0:04:56]} Ke7 {[%clk 0:11:43]}
39. Ra7+ {[%clk 0:04:48]} Rd7 {[%clk 0:08:20]} 40. Ra2 {[%clk 0:04:56]} Nd5
{[%clk 0:06:14]} 41. Kf2 {[%clk 0:25:49]} Rc7 {[%clk 0:32:26]} 42. Rb2 {[%clk
0:25:17]} Kd6 {[%clk 0:32:06]} 43. Ra2 {[%clk 0:25:27]} Nb4 {[%clk 0:27:14]} 44.
Rd2+ {[%clk 0:24:39]} Kc5 {[%clk 0:27:32]} 45. Rd1 {[%clk 0:23:37]} Nc2 {[%clk
0:25:16]} 46. Rc1 {[%clk 0:22:51]} Kd4 {[%clk 0:24:45]} 47. g4 {[%clk 0:21:16]}
f5 {[%clk 0:23:18]} 48. gxf5 {[%clk 0:21:08]} gxf5 {[%clk 0:23:41]} 49. Rd1+
{[%clk 0:20:52]} Kc3 {[%clk 0:22:07]} 50. Rd5 {[%clk 0:20:42]} Ra7 {[%clk
0:18:36]} 51. Rxf5 {[%clk 0:18:32]} e3+ {[%clk 0:17:56]} 52. Kg3 {[%clk 0:14:47]}
Nd4 {[%clk 0:10:16]} 53. Rc5+ {[%clk 0:15:04]} Kd2 {[%clk 0:10:37]} 54. Bg4
{[%clk 0:15:19]} e2 {[%clk 0:10:54]} 55. Bxe2 {[%clk 0:14:42]} Nxe2+ {[%clk
0:11:13]} 56. Kf3 {[%clk 0:11:07]} Kd3 {[%clk 0:11:06]} 57. Re5 {[%clk 0:10:47]}
Nd4+ {[%clk 0:11:09]} 58. Kg4 {[%clk 0:11:12]} Rf7 {[%clk 0:10:16]} 59. h4 {[%clk
0:10:49]} Nc6 {[%clk 0:09:21]} 60. Re1 {[%clk 0:10:18]} Ne7 {[%clk 0:09:38]} 61.
h5 {[%clk 0:10:02]} Nd5 {[%clk 0:09:11]} 62. f5 {[%clk 0:07:05]} Ne3+ {[%clk
0:09:22]} 63. Kg5 {[%clk 0:06:49]} Nxf5 {[%clk 0:09:41]} 64. Re8 {[%clk 0:05:48]}
Ne7 {[%clk 0:09:39]} 65. Rd8+ {[%clk 0:05:22]} Ke4 {[%clk 0:09:28]} 66. Rd1
{[%clk 0:05:47]} Nc6 {[%clk 0:09:42]} 67. Re1+ {[%clk 0:06:12]} Kd5 {[%clk
0:10:00]} 68. Re2 {[%clk 0:05:23]} Ne5 {[%clk 0:10:20]} 69. Ra2 {[%clk 0:05:40]}
Nf3+ {[%clk 0:06:10]} 70. Kh6 {[%clk 0:05:32]} Ne5 {[%clk 0:03:57]} 71. Kg5
{[%clk 0:05:24]} Ke6 {[%clk 0:03:58]} 72. Ra6+ {[%clk 0:05:29]} Ke7 {[%clk
0:04:22]} 73. Ra7+ {[%clk 0:05:51]} Nd7 {[%clk 0:04:42]} 74. Kh6 {[%clk 0:05:27]}
Ke6 {[%clk 0:04:50]} 75. Ra6+ {[%clk 0:05:37]} Kf5 {[%clk 0:05:12]} 76. Ra5+
{[%clk 0:05:40]} Ne5 {[%clk 0:05:35]} 77. Rb5 {[%clk 0:05:43]} Kf4 {[%clk
0:05:52]} 78. Rb4+ {[%clk 0:05:47]} Kf5 {[%clk 0:03:14]} 79. Rf4+ {[%clk
0:05:36]} Kxf4 {[%clk 0:03:14]} 1/2-1/2

[Event "9th Vellmar Chess Days"]
[Site "chess24.com"]
[Date "2017.07.16"]
[Round "6"]
[White "Hoffmann, Lennard"]
[Black "Oppitz, Peter"]
[Result "0-1"]
[Board "15"]
[WhiteElo "1990"]
[WhiteCountry "GER"]
[WhiteFideId "12943495"]
[WhiteEloChange "-6"]
[BlackElo "2136"]
[BlackTitle "CM"]
[BlackCountry "GER"]
[BlackFideId "4605500"]
[BlackEloChange "6"]

1. e4 {[%clk 1:30:58]} Nf6 {[%clk 1:30:53]} 2. e5 {[%clk 1:30:40]} Nd5 {[%clk
1:31:20]} 3. c4 {[%clk 1:30:04]} Nb6 {[%clk 1:31:44]} 4. d4 {[%clk 1:29:58]} d6
{[%clk 1:32:07]} 5. exd6 {[%clk 1:29:26]} cxd6 {[%clk 1:32:14]} 6. Nc3 {[%clk
1:28:36]} g6 {[%clk 1:32:34]} 7. Be3 {[%clk 1:28:09]} Bg7 {[%clk 1:32:56]} 8. Rc1
{[%clk 1:27:04]} O-O {[%clk 1:33:13]} 9. b3 {[%clk 1:26:30]} a5 {[%clk 1:32:44]}
10. Nf3 {[%clk 1:21:53]} a4 {[%clk 1:23:56]} 11. Be2 {[%clk 1:13:52]} axb3 {[%clk
1:22:26]} 12. axb3 {[%clk 1:12:52]} Bg4 {[%clk 1:20:12]} 13. O-O {[%clk 1:09:19]}
Nc6 {[%clk 1:19:24]} 14. h3 {[%clk 1:03:34]} Bd7 {[%clk 0:41:50]} 15. Qd2 {[%clk
0:59:46]} Re8 {[%clk 0:37:33]} 16. c5 {[%clk 0:50:08]} Nc8 {[%clk 0:36:45]} 17.
Rfd1 {[%clk 0:46:29]} dxc5 {[%clk 0:33:09]} 18. dxc5 {[%clk 0:46:10]} Be6 {[%clk
0:33:27]} 19. Qxd8 {[%clk 0:36:45]} Rxd8 {[%clk 0:33:45]} 20. Rxd8+ {[%clk
0:33:03]} Nxd8 {[%clk 0:33:52]} 21. b4 {[%clk 0:33:00]} Nc6 {[%clk 0:28:23]} 22.
b5 {[%clk 0:31:23]} Ne5 {[%clk 0:28:33]} 23. Nxe5 {[%clk 0:27:31]} Bxe5 {[%clk
0:29:00]} 24. Bf3 {[%clk 0:27:20]} Rb8 {[%clk 0:21:48]} 25. b6 {[%clk 0:26:15]}
f5 {[%clk 0:17:48]} 26. Nb5 {[%clk 0:21:19]} Bd7 {[%clk 0:17:19]} 27. Nc7 {[%clk
0:18:50]} Kf7 {[%clk 0:10:04]} 28. Rd1 {[%clk 0:15:29]} Bc6 {[%clk 0:07:55]} 29.
Bxc6 {[%clk 0:13:38]} bxc6 {[%clk 0:08:22]} 30. Na6 {[%clk 0:14:01]} Rb7 {[%clk
0:08:10]} 31. f4 {[%clk 0:14:24]} Bd6 {[%clk 0:06:53]} 32. cxd6 {[%clk 0:14:17]}
exd6 {[%clk 0:07:15]} 33. Nc7 {[%clk 0:11:10]} Ke7 {[%clk 0:05:50]} 34. Ra1
{[%clk 0:09:04]} Nxb6 {[%clk 0:05:47]} 35. Rb1 {[%clk 0:07:56]} Rxc7 {[%clk
0:06:09]} 36. Bxb6 {[%clk 0:07:56]} Rd7 {[%clk 0:04:50]} 37. Re1+ {[%clk
0:08:10]} Kf7 {[%clk 0:05:12]} 38. Ra1 {[%clk 0:08:01]} Ke6 {[%clk 0:05:08]} 39.
Ra7 {[%clk 0:08:09]} c5 {[%clk 0:04:24]} 40. Rxd7 {[%clk 0:08:21]} Kxd7 {[%clk
0:04:52]} 41. Kf2 {[%clk 0:08:27]} Kc6 {[%clk 0:05:11]} 42. Bd8 {[%clk 0:08:33]}
Kb5 {[%clk 0:05:15]} 43. Ke2 {[%clk 0:08:04]} Kc4 {[%clk 0:04:13]} 44. Bf6 {[%clk
0:06:17]} d5 {[%clk 0:03:58]} 45. Ba1 {[%clk 0:05:05]} d4 {[%clk 0:02:06]} 46.
Bb2 {[%clk 0:01:23]} Kd5 {[%clk 0:02:10]} 47. Ba3 {[%clk 0:18:25]} c4 {[%clk
0:32:37]} 48. Kd2 {[%clk 0:18:03]} Ke4 {[%clk 0:32:14]} 49. Bc5 {[%clk 0:17:16]}
Kxf4 {[%clk 0:21:30]} 50. Bxd4 {[%clk 0:17:40]} Kg3 {[%clk 0:21:51]} 51. h4
{[%clk 0:14:45]} Kxg2 {[%clk 0:21:51]} 52. Kc3 {[%clk 0:13:29]} f4 {[%clk
0:20:26]} 53. Kxc4 {[%clk 0:09:41]} f3 {[%clk 0:20:44]} 0-1

[Event "9th Vellmar Chess Days"]
[Site "chess24.com"]
[Date "2017.07.16"]
[Round "6"]
[White "Tremoehlen, Thomas"]
[Black "Rueberg, Jobst"]
[Result "1/2-1/2"]
[Board "16"]
[WhiteElo "1980"]
[WhiteCountry "GER"]
[WhiteFideId "12999555"]
[WhiteEloChange "4"]
[BlackElo "2107"]
[BlackTitle "FM"]
[BlackCountry "GER"]
[BlackFideId "4677501"]
[BlackEloChange "-4"]

1. b3 {[%clk 1:30:57]} e5 {[%clk 1:30:37]} 2. Bb2 {[%clk 1:31:25]} d6 {[%clk
1:30:47]} 3. e3 {[%clk 1:31:54]} Nf6 {[%clk 1:30:17]} 4. Nf3 {[%clk 1:32:09]} Be7
{[%clk 1:29:38]} 5. d4 {[%clk 1:32:19]} e4 {[%clk 1:28:50]} 6. Nfd2 {[%clk
1:32:47]} d5 {[%clk 1:28:56]} 7. c4 {[%clk 1:33:15]} c6 {[%clk 1:29:09]} 8. Nc3
{[%clk 1:33:38]} O-O {[%clk 1:28:20]} 9. Be2 {[%clk 1:33:56]} b6 {[%clk 1:22:31]}
10. Rc1 {[%clk 1:30:34]} Bb7 {[%clk 1:20:40]} 11. O-O {[%clk 1:22:31]} Nbd7
{[%clk 1:17:25]} 12. f3 {[%clk 1:15:48]} exf3 {[%clk 1:16:29]} 13. Bxf3 {[%clk
1:15:22]} Rc8 {[%clk 1:12:41]} 14. e4 {[%clk 1:08:17]} dxe4 {[%clk 1:10:39]} 15.
Ndxe4 {[%clk 1:08:13]} Re8 {[%clk 1:02:47]} 16. Qc2 {[%clk 1:03:05]} Qc7 {[%clk
0:57:43]} 17. Rcd1 {[%clk 0:59:00]} Rcd8 {[%clk 0:55:04]} 18. Nxf6+ {[%clk
0:40:29]} Nxf6 {[%clk 0:52:28]} 19. Ne2 {[%clk 0:36:20]} Bc8 {[%clk 0:48:00]} 20.
a3 {[%clk 0:30:28]} Bg4 {[%clk 0:37:25]} 21. h3 {[%clk 0:27:32]} Bc8 {[%clk
0:36:56]} 22. Qc1 {[%clk 0:24:50]} h6 {[%clk 0:34:12]} 23. Rfe1 {[%clk 0:20:51]}
Bd6 {[%clk 0:26:16]} 24. d5 {[%clk 0:15:03]} Ne4 {[%clk 0:15:09]} 25. Bxe4 {[%clk
0:12:43]} Rxe4 {[%clk 0:15:33]} 26. Qc3 {[%clk 0:12:45]} f6 {[%clk 0:10:56]} 27.
Nd4 {[%clk 0:09:10]} Rxe1+ {[%clk 0:09:55]} 28. Qxe1 {[%clk 0:09:39]} Bc5 {[%clk
0:09:19]} 29. b4 {[%clk 0:09:15]} Bxd4+ {[%clk 0:09:18]} 30. Rxd4 {[%clk
0:09:11]} cxd5 {[%clk 0:08:24]} 31. cxd5 {[%clk 0:09:20]} Qd6 {[%clk 0:07:05]}
32. Qe3 {[%clk 0:07:07]} Bb7 {[%clk 0:06:18]} 33. Rg4 {[%clk 0:06:47]} Kf8 {[%clk
0:03:59]} 34. Bxf6 {[%clk 0:06:15]} Rd7 {[%clk 0:02:22]} 35. Bb2 {[%clk 0:06:15]}
1/2-1/2